Θεωρητικά ζητήματα στην κοινωνιολογία της εκπαίδευσης

Αποθηκεύτηκε σε:
Λεπτομέρειες βιβλιογραφικής εγγραφής
Κύριος συγγραφέας: Νικολάου, Σουζάννα-Μαρία
Μορφή: Βιβλίο
Γλώσσα:Greek
Δημοσίευση: Αθήνα : Gutenberg, 2009
Έκδοση:2η έκδ.
Σειρά:Βιβλιοθήκη κοινωνικής επιστήμης και κοινωνικής πολιτικής
Θέματα:
Ετικέτες: Προσθήκη ετικέτας
Δεν υπάρχουν, Καταχωρήστε ετικέτα πρώτοι!

MARC

LEADER 00000cam a2200000 i 4500
001 1/48178
008 140526s20052009gr | ||| |||| ||gre||
020 |a 9789600112665 
035 |l 10117784 
040 |a GR-MY-UA  |b gre  |e aacr 
041 0 |a gre 
082 0 |a 306.43  |2 (23) 
100 1 |a Νικολάου, Σουζάννα-Μαρία. 
245 1 0 |a Θεωρητικά ζητήματα στην κοινωνιολογία της εκπαίδευσης /  |c Σουζάνα-Μαρία Νικολάου 
250 |a 2η έκδ. 
260 |a Αθήνα :   |b Gutenberg,   |c 2009 
300 |a 285 σ.;  |c 24 εκ. 
490 1 |a Βιβλιοθήκη κοινωνικής επιστήμης και κοινωνικής πολιτικής 
504 |a Περιλαμβάνει βιβλιογραφικές παραπομπές 
650 0 0 |a Educational sociology. 
650 0 0 |a Education and society. 
830 0 |a Βιβλιοθήκη κοινωνικής επιστήμης και κοινωνικής πολιτικής 
852 |a INST  |b LESVOS  |c EUDOXUS  |e 20230509  |h 306.43 ΝΙΚ  |p 005100064666  |q 005100064666  |t EDX  |y 0 
852 |a INST  |b RHODES  |c EUDOXUS  |e 20140526  |h 306.43 ΝΙΚ  |p 005400036560  |q 005400036560  |t EDX  |y 0 
852 |a INST  |b RHODES  |c EUDOXUS  |e 20140526  |h 306.43 ΝΙΚ  |p 005400036561  |q 005400036561  |t EDX  |y 0 
901 |a BIBL4-2014-2 
909 |a Ρ  |b 183062 
909 |a Ρ  |b 183063 
920 |a ΕΥΔΟΞΟΣ  |b ΠΑΡΑΓΓΕΛΙΑ  |y Ρόδος  |z 2014-05 
920 |a Εύδοξος  |b Παραγγελία  |y Λέσβος-ΤΚ  |z 2023-05 
922 |a 4ΕΛΗ 
970 |z 2014/05/26